[Event "HUN-chT2 Szechenyi 1516"]
[Site "Hungary"]
[Date "2016.04.03"]
[Round "10.10"]
[White "Markovics, David"]
[Black "Szalay, Istvan"]
[Result "0-1"]
[WhiteElo "1700"]
[BlackElo "1503"]
[PlyCount "78"]
[EventDate "2015.09.13"]
[EventType "team-tourn"]
[EventRounds "11"]
[EventCountry "HUN"]
[SourceTitle "EXT 2017"]
[Source "ChessBase"]
[SourceDate "2016.10.25"]
[SourceVersion "1"]
[SourceVersionDate "2016.10.25"]
[SourceQuality "1"]
[WhiteTeam "Ezust Huszar"]
[BlackTeam "Arboretum"]
[WhiteTeamCountry "HUN"]
[BlackTeamCountry "HUN"]

1. e4 c5 2. Nf3 Nc6 3. d4 cxd4 4. Nxd4 Qb6 5. Nxc6 Qxc6 6. Nc3 e6 7. a3 Bc5 8. b4 Bxf2+ 9. Kxf2 Qxc3 10. Be3 Nf6 11. Bd3 b6 12. Qf3 Bb7 13. Rhe1 0-0 14. Kg1 d5 15. exd5 Bxd5 16. Qg3 Ne4 17. Qh3 f5 18. Bf2 Nxf2 19. Kxf2 Bc4 20. Bxc4 Qxc4 21. Qd3 Qxd3 22. cxd3 Kf7 23. Re3 Rac8 24. Rd1 Rc2+ 25. Kf3 Kf6 26. d4 g5 27. h3 Rd8 28. Rdd3 h5 29. g4 hxg4+ 30. hxg4 Rc4 31. gxf5 exf5 32. d5 Rd6 33. Re2 a5 34. bxa5 bxa5 35. Re8 g4+ 36. Kg3 Rc5 37. Rf8+ Kg6 38. Rg8+ Kf7 39. Rg5 Kf6 0-1

[Event "HUN-chT2 Szechenyi 1415"]
[Site "Hungary"]
[Date "2014.09.07"]
[Round "1.9"]
[White "Sashalmi, Adam"]
[Black "Markovics, David"]
[Result "1-0"]
[WhiteElo "1786"]
[BlackElo "1653"]
[PlyCount "55"]
[EventDate "2014.09.07"]
[EventType "team-tourn"]
[EventRounds "11"]
[EventCountry "HUN"]
[SourceTitle "EXT 2016"]
[Source "ChessBase"]
[SourceDate "2015.10.08"]
[SourceVersion "1"]
[SourceVersionDate "2015.10.08"]
[SourceQuality "1"]
[WhiteTeam "Papa"]
[BlackTeam "Veszprem"]
[WhiteTeamCountry "HUN"]
[BlackTeamCountry "HUN"]

1. e4 c5 2. Nf3 Nc6 3. d4 cxd4 4. Nxd4 Nf6 5. Nc3 e5 6. Nf3 Bb4 7. Bd2 d5 8. exd5 Nxd5 9. Bb5 Nxc3 10. bxc3 Bd6 11. h3 Qc7 12. 0-0 0-0 13. Re1 Bd7 14. Qe2 Rae8 15. Qe4 Re6 16. Bd3 g6 17. Ng5 Re7 18. Bc4 Kg7 19. Qh4 h5 20. Ne4 Rh8 21. Qf6+ Kg8 22. Nxd6 Be6 23. Nxf7 Bxf7 24. Qxg6+ Kf8 25. Bh6+ Ke8 26. Qg7 Rxh6 27. Bxf7+ Rxf7 28. Qxh6 1-0

[Event "HUN-chT2 Szechenyi 1314"]
[Site "Hungary"]
[Date "2014.03.23"]
[Round "9.9"]
[White "Markovics, David"]
[Black "Toth, Laszlo3333"]
[Result "1/2-1/2"]
[WhiteElo "1660"]
[BlackElo "1761"]
[PlyCount "83"]
[EventDate "2013.09.08"]
[EventType "team-tourn"]
[EventRounds "11"]
[EventCountry "HUN"]
[SourceTitle "EXT 2016"]
[Source "ChessBase"]
[SourceDate "2015.10.08"]
[SourceVersion "1"]
[SourceVersionDate "2015.10.08"]
[SourceQuality "1"]
[WhiteTeam "Veszprem"]
[BlackTeam "Zala Volan"]
[WhiteTeamCountry "HUN"]
[BlackTeamCountry "HUN"]

1. e4 e5 2. Nf3 Nc6 3. Bc4 Bc5 4. 0-0 Nf6 5. d4 exd4 6. e5 d5 7. exf6 dxc4 8. Re1+ Be6 9. Ng5 Qxf6 10. Nxe6 fxe6 11. Qh5+ g6 12. Qxc5 Rf8 13. Rf1 e5 14. Qxc4 0-0-0 15. Nd2 Qf5 16. Nb3 e4 17. Bd2 Ne5 18. Qe2 d3 19. cxd3 Rxd3 20. Kh1 Nc4 21. Bc3 Re8 22. Rad1 Rf8 23. Nd4 Qh5 24. Qxh5 gxh5 25. Rxd3 exd3 26. Kg1 Re8 27. Rd1 c5 28. Nf3 Re2 29. Rxd3 Nxb2 30. Bxb2 Rxb2 31. Kf1 Rxa2 32. Nd2 b5 33. Ne4 c4 34. Rd2 Ra1+ 35. Ke2 Kc7 36. f4 b4 37. Rc2 c3 38. Nxc3 bxc3 39. Rxc3+ Kd6 40. Re3 Ra4 41. Kf3 Rb4 42. Ra3 1/2-1/2

[Event "HUN-chT2 Szechenyi 1213"]
[Site "Hungary"]
[Date "2012.10.07"]
[Round "2.11"]
[White "Markovics, David"]
[Black "Havasi, Jozsef"]
[Result "0-1"]
[WhiteElo "1683"]
[BlackElo "1876"]
[PlyCount "90"]
[EventDate "2012.09.16"]
[EventType "team-tourn"]
[EventRounds "11"]
[EventCountry "HUN"]
[SourceTitle "EXT 2014"]
[Source "ChessBase"]
[SourceDate "2013.11.20"]
[SourceVersion "1"]
[SourceVersionDate "2013.11.20"]
[SourceQuality "1"]
[WhiteTeam "Veszprem"]
[BlackTeam "Sarvar"]
[WhiteTeamCountry "HUN"]
[BlackTeamCountry "HUN"]

1. e4 e5 2. Nf3 Nc6 3. Bc4 Nf6 4. Ng5 d5 5. exd5 Na5 6. Bb5+ c6 7. dxc6 bxc6 8. Be2 h6 9. Nf3 e4 10. Ne5 Qd4 11. f4 Bc5 12. Rf1 Bd6 13. c3 Qb6 14. b4 Nb7 15. Na3 0-0 16. Nac4 Qc7 17. d4 a5 18. Nxd6 Nxd6 19. Ba3 Nd5 20. Qd2 axb4 21. Bxb4 Nxb4 22. cxb4 Be6 23. Kf2 Nf5 24. Qc2 Bd5 25. Rfd1 Qb7 26. a3 Rac8 27. g3 Qa7 28. Qc3 Rc7 29. Bc4 Kh7 30. Ng4 Nd6 31. Ne3 Bxc4 32. Nxc4 Nb5 33. Qe3 Re7 34. a4 Nc7 35. Re1 Nd5 36. Qb3 Qxd4+ 37. Kf1 g6 38. Rad1 Qa7 39. a5 Rb8 40. Re2 Rxb4 41. Qc2 f5 42. Rde1 Qa6 43. Kg2 Rxc4 44. Qb3 Rb7 45. Qa3 Rbb4 0-1

[Event "HUN-chT U18"]
[Site "Miskolc"]
[Date "2011.11.05"]
[Round "7.3"]
[White "Kiraly, Zoltan"]
[Black "Markovics, David"]
[Result "1-0"]
[WhiteElo "2075"]
[BlackElo "1663"]
[PlyCount "69"]
[EventDate "2011.11.02"]
[EventType "team-swiss"]
[EventRounds "8"]
[EventCountry "HUN"]
[SourceTitle "EXT 2012"]
[Source "ChessBase"]
[SourceDate "2011.11.24"]
[SourceVersion "1"]
[SourceVersionDate "2011.11.24"]
[SourceQuality "1"]
[WhiteTeam "Csepel"]
[BlackTeam "Veszprem"]
[WhiteTeamCountry "HUN"]
[BlackTeamCountry "HUN"]

1. d4 Nf6 2. c4 g6 3. Nc3 d5 4. cxd5 Nxd5 5. Bd2 Bg7 6. e4 Nxc3 7. Bxc3 c6 8. Be2 0-0 9. Nf3 Bg4 10. 0-0 Nd7 11. Rc1 Nf6 12. h3 Be6 13. Qc2 Bh6 14. Rcd1 Nh5 15. Bd2 Bxd2 16. Rxd2 Nf4 17. Bc4 Qc8 18. Ng5 h6 19. Nxe6 Nxe6 20. Qb3 Nc7 21. Qg3 Kh7 22. f4 f6 23. f5 g5 24. h4 b5 25. Bb3 e6 26. hxg5 fxg5 27. Qd6 Qd8 28. Qxc6 Qe7 29. Bxe6 Nxe6 30. Qxe6 Qxe6 31. fxe6 Rxf1+ 32. Kxf1 Kg7 33. Ke2 Kf6 34. d5 Rd8 35. Ke3 1-0

[Event "HUN-chT U18"]
[Site "Miskolc"]
[Date "2011.11.05"]
[Round "6.3"]
[White "Markovics, David"]
[Black "Farkas, Akos"]
[Result "1-0"]
[WhiteElo "1663"]
[BlackElo "1728"]
[PlyCount "77"]
[EventDate "2011.11.02"]
[EventType "team-swiss"]
[EventRounds "8"]
[EventCountry "HUN"]
[SourceTitle "EXT 2012"]
[Source "ChessBase"]
[SourceDate "2011.11.24"]
[SourceVersion "1"]
[SourceVersionDate "2011.11.24"]
[SourceQuality "1"]
[WhiteTeam "Veszprem"]
[BlackTeam "Sarkany II"]
[WhiteTeamCountry "HUN"]
[BlackTeamCountry "HUN"]

1. e4 c5 2. Nf3 d6 3. d4 cxd4 4. Nxd4 Nf6 5. Nc3 a6 6. Be2 e5 7. Nb3 Be6 8. Bg5 Be7 9. 0-0 Nbd7 10. Qd2 0-0 11. Rad1 h6 12. Bxf6 Nxf6 13. h3 Rc8 14. Nd5 Bxd5 15. exd5 Ne4 16. Qb4 Nf6 17. c3 Qc7 18. Na5 b5 19. a4 bxa4 20. Qxa4 Nd7 21. Nc6 Nc5 22. Qa3 Ra8 23. b4 Ne4 24. Bxa6 Nxc3 25. Qxc3 Rxa6 26. b5 Rb6 27. Rb1 Rfb8 28. Qd3 R8b7 29. Rfc1 Qd7 30. Nxe7+ Qxe7 31. Rc8+ Qf8 32. Rxf8+ Kxf8 33. Qc4 Ke7 34. Kf1 Kd7 35. Rc1 Rxb5 36. Qc8+ Ke7 37. Rc7+ Rxc7 38. Qxc7+ Kf6 39. Qxd6+ 1-0

[Event "HUN-chT U18"]
[Site "Miskolc"]
[Date "2010.11.05"]
[Round "7.17"]
[White "Markovics, David"]
[Black "Farkas, Mate"]
[Result "0-1"]
[WhiteElo "1671"]
[BlackElo "1824"]
[PlyCount "70"]
[EventDate "2010.11.02"]
[EventType "team-swiss"]
[EventRounds "8"]
[EventCountry "HUN"]
[SourceTitle "EXT 2016"]
[Source "ChessBase"]
[SourceDate "2015.10.08"]
[SourceVersion "1"]
[SourceVersionDate "2015.10.08"]
[SourceQuality "1"]

1. e4 c5 2. Nf3 d6 3. d4 cxd4 4. Nxd4 Nf6 5. Nc3 a6 6. Be2 e6 7. 0-0 Be7 8. Be3 Qc7 9. Bf3 0-0 10. Qe2 Bd7 11. Rad1 Nc6 12. a3 Ne5 13. Rb1 Nc4 14. Nb3 Nxa3 15. bxa3 Qxc3 16. Bd4 Qc7 17. Rfd1 e5 18. Bb2 Bb5 19. Qd2 Rac8 20. Rbc1 Qb8 21. c3 Ba4 22. Qc2 Nd7 23. Ba1 Nc5 24. Rb1 Bxb3 25. Rxb3 Nxb3 26. Qxb3 b5 27. Rc1 Rc5 28. Be2 Qa8 29. f3 Qc6 30. Kf1 Rc8 31. g3 Bd8 32. Ke1 Ba5 33. Kd2 d5 34. Bd3 d4 35. Ke2 Bxc3 0-1

[Event "HUN-chT2 Asztalos 0910"]
[Site "Hungary"]
[Date "2010.03.21"]
[Round "8"]
[White "Markovics, David"]
[Black "Kiss, Attila"]
[Result "1/2-1/2"]
[WhiteElo "1668"]
[BlackElo "2369"]
[PlyCount "87"]
[EventDate "2009.11.08"]
[EventType "team-tourn"]
[EventRounds "11"]
[EventCountry "HUN"]
[SourceTitle "EXT 2011"]
[Source "ChessBase"]
[SourceDate "2010.11.26"]
[SourceVersion "1"]
[SourceVersionDate "2010.11.26"]
[SourceQuality "1"]
[WhiteTeam "Veszprem"]
[BlackTeam "Nagyatad"]
[WhiteTeamCountry "HUN"]
[BlackTeamCountry "HUN"]

1. e4 c5 2. Nf3 d6 3. d4 cxd4 4. Nxd4 Nf6 5. Nc3 g6 6. Be3 Bg7 7. Be2 0-0 8. 0-0 Nc6 9. h3 Bd7 10. Qd2 a6 11. Rad1 Rc8 12. f4 Qc7 13. f5 Ne5 14. Bh6 b5 15. Bxg7 Kxg7 16. Qg5 h6 17. Qe3 Nc4 18. Bxc4 bxc4 19. fxg6 fxg6 20. Nd5 Qd8 21. Nb6 Rc5 22. Nxd7 Qxd7 23. Rf3 Re5 24. Qa3 Qc8 25. Re1 Rxe4 26. Rxe4 Nxe4 27. Re3 e5 28. Rxe4 exd4 29. Qxd6 Qf5 30. Qxd4+ Kh7 31. Re7+ Rf7 32. Rxf7+ Qxf7 33. b3 cxb3 34. cxb3 Qc7 35. Qc4 Qb6+ 36. Kh1 h5 37. Qf7+ Kh6 38. Qf8+ Kh7 39. Qe7+ Kh6 40. Qf8+ Kh7 41. Qf1 Kh6 42. Qb1 Qc6 43. a3 Qc3 44. a4 1/2-1/2

[Event "HUN-chT2 Szechenyi 0809"]
[Site "Hungary"]
[Date "2009.04.19"]
[Round "11.12"]
[White "Markovics, David"]
[Black "Varga, Melinda"]
[Result "0-1"]
[WhiteElo "100"]
[BlackElo "1525"]
[PlyCount "52"]
[EventDate "2008.10.26"]
[EventType "team-tourn"]
[EventRounds "11"]
[EventCountry "HUN"]
[SourceTitle "EXT 2010"]
[Source "ChessBase"]
[SourceDate "2010.11.25"]
[SourceVersion "1"]
[SourceVersionDate "2010.11.25"]
[SourceQuality "1"]
[WhiteTeam "Veszprem"]
[BlackTeam "Haladas"]
[WhiteTeamCountry "HUN"]
[BlackTeamCountry "HUN"]

1. e4 c5 2. Nf3 d6 3. d4 cxd4 4. Nxd4 Nf6 5. Nc3 a6 6. Bc4 e6 7. 0-0 b5 8. Bb3 Qc7 9. f4 b4 10. Ba4+ Bd7 11. Bxd7+ Nbxd7 12. Na4 Nxe4 13. Qf3 d5 14. Be3 Bd6 15. Rac1 Qa5 16. b3 0-0 17. Ne2 Rac8 18. Rfd1 Ndc5 19. Bxc5 Bxc5+ 20. Kf1 Ba7 21. f5 Rc6 22. Rd3 Qc7 23. c3 Qxh2 24. g3 Qh3+ 25. Qg2 Qxf5+ 26. Rf3 Nd2+ 0-1

[Event "HUN-chT2 Szechenyi 0809"]
[Site "Hungary"]
[Date "2009.02.22"]
[Round "8.12"]
[White "Markovics, David"]
[Black "Kiraly, Mate"]
[Result "1/2-1/2"]
[WhiteElo "100"]
[BlackElo "1751"]
[PlyCount "35"]
[EventDate "2008.10.26"]
[EventType "team-tourn"]
[EventRounds "11"]
[EventCountry "HUN"]
[SourceTitle "EXT 2010"]
[Source "ChessBase"]
[SourceDate "2010.11.25"]
[SourceVersion "1"]
[SourceVersionDate "2010.11.25"]
[SourceQuality "1"]
[WhiteTeam "Veszprem"]
[BlackTeam "Keszthely"]
[WhiteTeamCountry "HUN"]
[BlackTeamCountry "HUN"]

1. e4 e5 2. Nf3 Nc6 3. Bc4 Be7 4. 0-0 d6 5. h3 Nf6 6. Nc3 0-0 7. d4 exd4 8. Nxd4 Nd7 9. Be3 Nde5 10. Nxc6 bxc6 11. Bd3 f5 12. exf5 Nxd3 13. Qxd3 d5 14. Ne2 Bxf5 15. Qc3 Qd7 16. Nd4 Bf6 17. Qc5 Bxd4 18. Bxd4 1/2-1/2